000 00532nam a2200229Ia 4500
999 _c95118
_d95118
003 0100
005 20171016121909.0
008 130307s9999 xx 000 0 und d
040 _cARRUPELIB
050 _aB765.T531 1955
100 _aAquinas, Thomas Saint
_937106
245 _aOn the truth of the Catholic faith
245 _bsumma contra gentiles
260 _bHanover House
_aNew York
_c1955
300 _a317p.
300 _b19cm.
650 _aPHILOSOPHY
_937107
650 _bPhilosophy
_937108
700 _aPegis, Anton C
_937109
942 0 0 _02
_2lcc
_cMONOGRAPH